| 000 | 01606nam0a22003011 4500 | ||
|---|---|---|---|
| 001 | rc\2292236 | ||
| 005 | 20110829135305.6 | ||
| 035 | _a(NLR Aleph) 006565646 | ||
| 090 |
_a6890615 _c6890615 |
||
| 100 | _a20110829d1977 |||y0rusy50 ca | ||
| 101 | 0 | _arus | |
| 102 | _aRU | ||
| 105 | _aa z ||||| | ||
| 200 | 1 |
_aАлгоритмы и программы решения на ЭВМ "Минск-32" задач разработки нефтегазовых и газоконденсатных месторождений _e(Метод. рекомендации) _fМ-во нефт. пром. Произв. объединение "Азнефть". Азерб. гос. науч.-исслед. и проектный ин-т нефт. пром-сти (АзНИПИНефть) |
|
| 210 |
_aБаку _cБ. и. _d1977 |
||
| 215 |
_a73 с. _cсхем. _d20 |
||
| 300 | _aНа обороте тит. л. сост.: Б.А. Азимов, В.С. Агаев, Г.Ш. Гаджибалаев, Ю.А. Ализаде | ||
| 702 | 1 |
_aАгаев _bВ. С. _4220 |
|
| 702 | 1 |
_aАдизаде _bЮ. А. _4220 |
|
| 702 | 1 |
_aГаджибалаев _bГ. Ш. _4220 |
|
| 702 | 1 |
_aАзимов _bБ. ага А. К. оглы _gБеюк ага Али Кули оглы _4220 |
|
| 712 | 0 | 2 |
_aАзербайджанский научно-исследовательский и проектный институт нефтяной промышленности _cБаку _3RU\NLR\AUTH\8810017923 |
| 801 | 0 |
_aRU _bNLR _gpsbo |
|
| 801 | 1 |
_aRU _bELAR _2rusmarc |
|
| 852 |
_aNLR _j77-4/20224 |
||
| 899 |
_aRuMoRGB _jБ 77-54/1763 |
||
| 942 | _cBOOK | ||
| 980 | _aNB | ||